German Malle Party hits - Statistics

General Stats
  • This quiz has been taken 26 times
  • The average score is 6 of 10
Answer Stats
Hint Answer % Correct
Mama... Lauda
83%
Bring mich nach ... Hause
75%
(From Dj Robin und Schürze) Layla
71%
...grün Cordula
67%
Johnny... Däpp
63%
Dicht... Im Flieger
63%
...verbot Insel
63%
Saufen... Morgens,mittags,abends
54%
Peter... Pan
50%
...ewigkeit Für die
29%
No matching quizzes found
Score Distribution
Percent of People with Each Score
Percentile by Number Answered
Your Score History
You have not taken this quiz